Αξιολόγηση μεθόδων πολυκριτηριακής ανάλυσης σε περιβάλλον R : διπλωματική εργασία

χωροθέτηση εγκαταστάσεων είναι μια διαδικασία που χαρακτηρίζεται από αβεβαιότητα. Αυτό οφείλεται στο γεγονός ότι είναι ολοένα και πιο δύσκολο να εντοπισθούν προβλεπόμενοι απομονωμένοι χώροι ώστε να μην προκαλούνται οχλήσεις. Είναι απαραίτητη επομένως η διευρυμένη έρευνα η οποία θα μελετά διεξοδικά...

Full description

Saved in:
Bibliographic Details
Main Author: Ψυχάρης, Παναγιώτης-Νικόλαος
Corporate Author: Πανεπιστήμιο Αιγαίου. Σχολή Κοινωνικών Επιστημών. Τμήμα Γεωγραφίας
Format: Thesis Book
Language:Greek
Published: 2015.
Subjects:
Online Access:http://hdl.handle.net/11610/6211
Tags: Add Tag
No Tags, Be the first to tag this record!

MARC

LEADER 00000cam a2200000 a 4500
001 1/110540
008 160408s2015####gr | ||| |||| ||gre||
040 |a GR-MyUa  |b gre  |c GR-MyUa  |e AACR2 
041 0 |a gre 
082 7 |a 910.285   |2 (23)  
100 1 |a Ψυχάρης, Παναγιώτης-Νικόλαος. 
245 1 0 |a Αξιολόγηση μεθόδων πολυκριτηριακής ανάλυσης σε περιβάλλον R :   |b διπλωματική εργασία /   |c Ψυχάρης Παναγιώτης-Νικόλαος ; επιβλέπων καθηγητής: Καβρουδάκης Δημήτριος.  
260 |c 2015.  
300 |a 46 σ. ;   |c 30 εκ.  
500 |a Μέλη συμβουλευτικής επιτροπής: Βαϊτης Μιχαήλ, Μπάλας Δημήτριος.  
502 |a Πτυχιακή εργασία – Πανεπιστήμιο Αιγαίου, Λέσβος, 2015. 
504 |a Περιλαμβάνει βιβλιογραφία.  
506 1 |a Ηλεκτρονική διάθεση μόνο λέξεων-κλειδιών, περιλήψεων.  
520 8 |a  χωροθέτηση εγκαταστάσεων είναι μια διαδικασία που χαρακτηρίζεται από αβεβαιότητα. Αυτό οφείλεται στο γεγονός ότι είναι ολοένα και πιο δύσκολο να εντοπισθούν προβλεπόμενοι απομονωμένοι χώροι ώστε να μην προκαλούνται οχλήσεις. Είναι απαραίτητη επομένως η διευρυμένη έρευνα η οποία θα μελετά διεξοδικά όλες τις πτυχές του προβλήματος. Αυτό έχει ως αποτέλεσμα να λαμβάνονται υπόψη περισσότερα ποσοτικά κριτήρια σε σύγκριση με το παρελθόν. Η ενσωμάτωση των Συστημάτων Γεωγραφικών Πληροφοριών και πολυκριτηριακής ανάλυσης έχει προσελκύσει ιδιαίτερο ενδιαφέρον τις τελευταίες δεκαετίες δίνοντας λύσεις σε χωρικά προβλήματα λήψης αποφάσεων τα οποία συνήθως περιλαμβάνουν ένα μεγάλο σύνολο πολύπλοκων και αλληλοσυγκρουόμενων κριτηρίων. Σκοπός της πτυχιακής είναι η αξιολόγηση μεθόδων πολυκριτηριακής ανάλυσης μεταξύ δεδομένων κανονικοποιημένης ψηφιδωτής μορφής (raster) και διανυσματικών (vector) με χρήση της γλώσσας προγραμματισμού R.  
650 0 |a R (Computer program language) 
650 0 |a Geographic information systems  |x Computer programs. 
700 1 |a Καβρουδάκης, Δημήτρης,  |e dgs 
710 2 |a Πανεπιστήμιο Αιγαίου.   |b Σχολή Κοινωνικών Επιστημών.   |b Τμήμα Γεωγραφίας. 
852 |a INST  |b LESVOS  |c DIATR  |e 20160408  |h 954  |p 005100057501  |q 005100057501  |t DIE  |y 23 
856 |u http://hdl.handle.net/11610/6211 
924 |a Ψυχάρης  |b Παναγιώτης-Νικόλαος  |y Λέσβος  |z 2015-11 
970 |a Τζαφέρη  |b Ευαγγελία  |z 08-04-0216